Statistics for Verstappens Wins

Click here to take the quiz!

General Stats

  • This quiz has been taken 13 times
    (9 since last reset)
  • The average score is 23 of 26

Answer Stats

HintAnswer% Correct
20Abu Dhabi Grand Prix
100%
10Abu Dhabi Grand Prix
100%
4Austrian Grand Prix
100%
6Austrian Grand Prix
100%
15Austrian Grand Prix
100%
16Belgium Grand Prix
100%
17Dutch Grand Prix
100%
13French Grand Prix
100%
3Mexican Grand Prix
100%
5Mexican Grand Prix
100%
19Mexican Grand Prix
100%
12Monaco Grand Prix
100%
1Spanish Grand Prix
100%
24Spanish Grand Prix
100%
18United States Grand Prix
100%
970th Anniversary Grand Prix
83%
25Azerbaijan Grand Prix
83%
2Malaysian Grand Prix
83%
23Miami Grand Prix
83%
21Saudi Arabian Grand Prix
83%
14Styrian Grand Prix
83%
7German Grand Prix
67%
8Brasilian Grand Prix
50%
26Canadian Grand Prix
50%
22Emilia-Romania Grand Prix
50%
11Emilia-Romania Grand Prix
50%

Score Distribution

Percentile by Number Answered

Percent of People with Each Score

Your Score History

You have not taken this quiz since the last reset